Mot mystérieux - Série 38 - Statistiques

Statistiques générales
  • Ce quiz a été pris 146 fois
  • Le résultat moyen est 5 sur 10
Statistiques - réponses
Indices Mot % Correct
coquille - mimosa- jaune - Pâques oeuf
93%
Beaufort - Jacob - Richter - salaires échelle
76%
océan - été - chanvre - rêve Indien
54%
garde - bain - coulée - curage boue
53%
occupation - terre - salut - rouge armée
48%
fée - maréchal - corps - logis
42%
réserve - vacances - conjugal - sens devoir
41%
horaire - serviette - ballon - arrière plage
34%
état - saint - bébé - passager siège
31%
contrôle- assurance - hôtel - secours police
28%
Aucun quiz correspondant
Distribution des résultats
% des personnes avec chaque résultat
Percentile par nombre de réponses
Votre historique - résultats
Vous n’avez pas pris ce quiz